00473nam a2200181 a 4500008004100000020001500041050001600056100001400072245004700086250001200133260002500145300002200170350000900192650001800201650003200219650002100251700001900272120416s2000 ||||||||||||||||| || u a0750646004 aTK 6550 Dav aDavies, J10aNewnes radio and RF engineers' pocket book a2nd ed. aOxfordbNewnesc2000 axi, 594 p. : ill. a0.00 aCOMMUNICATION aMOBILE COMMUNICATION SYSTEM aRADIO--CONRESSES aCarr, Joseph J